Doctor Who Matchup (2005 Series) Quiz Stats

 Plays Quiz Updated Dec 17, 2018

Support Sporcle.
Go Orange.
Score 0/20 Timer 05:00
0 Plays Today
% Correct
TARDIS
93.6%
Sonic Screwdriver
93.6%
Dalek
92.4%
Weeping Angels
92.4%
The Doctor
92.2%
Ood
91.2%
Cybermen
91%
Slitheen
90.1%
Mickey Smith
89.6%
Amelia Pond
89.6%
% Correct
Captain Jack
89.3%
River Song
88.3%
Sarah Jane Smith
87.9%
Lady Cassandra
87.5%
Rose Tyler
87.1%
The Face of Boe
87%
Astrid Peth
84.8%
Donna Noble
83.1%
Martha Jones
82.8%
Rory Williams
81.1%

From the Vault

Find That Movie! III

by AdamL

Movies 8m
Sometimes your favorite movies are the ones that find you.
Remove Ads.
Support Sporcle.
Get the best of Sporcle when you Go Orange. This ad-free experience offers more features, more stats, and more fun while also helping to support Sporcle. Thank you for becoming a member.

Show Comments

Extras

Top Quizzes Today


Score Distribution

Your Account Isn't Verified!

In order to create a playlist on Sporcle, you need to verify the email address you used during registration. Go to your Sporcle Settings to finish the process.

Report this User

Report this user for behavior that violates our Community Guidelines.

Details: